| 000 | 01169cab a2200217 4500 | ||
|---|---|---|---|
| 001 | ##L133258 | ||
| 008 | 060424n2006 000 0 eng u | ||
| 035 | _a(Sirsi) u133258 | ||
| 041 | 0 | _aeng | |
| 100 | 1 | _aBingham, Tony | |
| 245 | 0 | 4 | _aThe pursuit of truth |
| 260 | _c2006 | ||
| 490 | 0 |
_aBuilding _v271(8427) 21 April 2006, 70-71(2) |
|
| 520 | _aGives facts of, and comments upon, "Perkins and another v Devoran Joinery Co Ltd and others" ([2006] EWHC 582 QB, unreported).The issue was whether P could commence a second set of proceedings against D in respect of defective windows at P's home, or whether it was an abuse of the court process to relitigate a question that had already been decided. It was held that as new facts and an expert's report had now come to light, it would be wrong to deprive P of the opportunity of having their new claims tested in court. | ||
| 590 | _aIKA250406 | ||
| 650 | 2 | 4 | _aPERKINS AND ANOTHER V DEVORAN JOINERY CO LTD AND OTHERS |
| 650 | 2 | 4 | _aHENDERSON V HANDSON |
| 650 | 2 | 4 | _aJOHNSON V GORE WOOD AND CO |
| 690 | _aMANAGEMENT-DISPUTE AVOIDANCE, MANAGEMENT AND RESOLUTION-DISPUTE MANAGEMENT AND RESOLUTION | ||
| 942 | _n0 | ||
| 999 |
_c76892 _d76892 |
||